Tiêu Sơn tráng sĩ Truyện dã sử
Đã lưu trong:
| 主要作者: | |
|---|---|
| 格式: | 圖書 |
| 語言: | Undetermined |
| 出版: |
Hà Nội
ĐH và THCN
1989
|
| 主題: | |
| 標簽: |
添加標簽
沒有標簽, 成為第一個標記此記錄!
|
| Thư viện lưu trữ: | Trung tâm Học liệu Trường Đại học Cần Thơ |
|---|
| LEADER | 00577nam a2200181Ia 4500 | ||
|---|---|---|---|
| 001 | CTU_9303 | ||
| 008 | 210402s9999 xx 000 0 und d | ||
| 082 | |a 895.922331 | ||
| 082 | |b Kh103t/1989 | ||
| 100 | |a Khái Hưng | ||
| 245 | 0 | |a Tiêu Sơn tráng sĩ | |
| 245 | 0 | |b Truyện dã sử | |
| 245 | 0 | |c Khái Hưng; Hiệu đính: Phan Cự Đệ | |
| 260 | |a Hà Nội | ||
| 260 | |b ĐH và THCN | ||
| 260 | |c 1989 | ||
| 650 | |a detective and mystery stories,vietnamese fiction - 1930 - 1945 | ||
| 980 | |a Trung tâm Học liệu Trường Đại học Cần Thơ | ||